Personnages de H2O - Statistiques

Statistiques générales
  • Ce quiz a été pris 283 fois
  • Le résultat moyen est 9 sur 12
Statistiques - réponses
Par images Réponse % Correct
Cléo Sertori
99%
Emma Gilbert
96%
Lewis McCartney
89%
Isabella "Bella" Hartley
80%
Rikki Chadwick
80%
Charlotte Watsford
78%
Kim Sertori
67%
Zane Bennett
65%
Will Benjamin
57%
Nate
51%
Ash Dove
50%
Miriam Kent
46%
Aucun quiz correspondant
Distribution des résultats
% des personnes avec chaque résultat
Percentile par nombre de réponses
Votre historique - résultats
Vous n’avez pas pris ce quiz